Linux Administration: (ბიბ.ჩანაწერი № 61271)
[ მარტივი ფორმატი ]
| 000 -LEADER | |
|---|---|
| fixed length control field | 00708nam a22002057a 4500 |
| 005 - DATE AND TIME OF LATEST TRANSACTION | |
| control field | 20240123115630.0 |
| 008 - FIXED-LENGTH DATA ELEMENTS--GENERAL INFORMATION | |
| fixed length control field | 240123s2020 enk||||| |||| 00| 0 eng d |
| 020 ## - INTERNATIONAL STANDARD BOOK NUMBER | |
| International Standard Book Number | 9781260441703 |
| 041 ## - LANGUAGE CODE | |
| Language code of text/sound track or separate title | eng |
| 080 ## - UNIVERSAL DECIMAL CLASSIFICATION NUMBER | |
| Universal Decimal Classification number | 004.03 S-70 |
| 100 ## - MAIN ENTRY--PERSONAL NAME | |
| Personal name | Soyinka, Wale |
| 9 (RLIN) | 12353 |
| 245 ## - TITLE STATEMENT | |
| Title | Linux Administration: |
| Remainder of title | A Beginner's Guide / |
| Statement of responsibility, etc. | Wale Soyinka. |
| 250 ## - EDITION STATEMENT | |
| Edition statement | Eighth Edition |
| 264 ## - PRODUCTION, PUBLICATION, DISTRIBUTION, MANUFACTURE, AND COPYRIGHT NOTICE | |
| Place of production, publication, distribution, manufacture | New York : |
| Name of producer, publisher, distributor, manufacturer | McGraw Hill, |
| Date of production, publication, distribution, manufacture, or copyright notice | 2020. |
| 300 ## - PHYSICAL DESCRIPTION | |
| Extent | 688 p.: |
| Other physical details | ill.; |
| Dimensions | 23 cm. |
| 653 ## - INDEX TERM--UNCONTROLLED | |
| keyword | ქსელის ინფრასტრუქტურა |
| 653 ## - INDEX TERM--UNCONTROLLED | |
| keyword | Linux ადმინისტრაცია |
| 653 ## - INDEX TERM--UNCONTROLLED | |
| keyword | კომპიუტერული სისტემები |
| 942 ## - ADDED ENTRY ELEMENTS (KOHA) | |
| Source of classification or shelving scheme | |
| Koha item type | წიგნი |
არაა ხელმისაწვდომი ეგზემპლარები.
